MEDICAL SURGICAL NURSING SPECIALTIES (Record no. 15111)

MARC details
000 -LEADER
fixed length control field 00315nam a22001337a 4500
003 - CONTROL NUMBER IDENTIFIER
control field SGT
082 ## - DEWEY DECIMAL CLASSIFICATION NUMBER
Classification number 610.73677
Item number M05S
100 ## - MAIN ENTRY--PERSONAL NAME
Personal name SALINS, ONITA
245 ## - TITLE STATEMENT
Title MEDICAL SURGICAL NURSING SPECIALTIES
260 ## - PUBLICATION, DISTRIBUTION, ETC. (IMPRINT)
Place of publication, distribution, etc INDIA
Name of publisher, distributor, etc JAYPEE
Year of Publication 2005
300 ## - PAGE DESCRIPTION
No. of Pages 266
650 ## - SUBJECT ADDED ENTRY--TOPICAL TERM
Topical term or geographic name as entry element MEDICAL SURGICAL NURSING
942 ## - ADDED ENTRY ELEMENTS (KOHA)
Source of classification or shelving scheme Dewey Decimal Classification
Koha item type Books
942 ## - ADDED ENTRY ELEMENTS (KOHA)
-- 3
Holdings
Withdrawn status Lost status Source of classification or shelving scheme Damaged status Not for loan Collection code Home library Current library Shelving location Date acquired Vendor Name Cost, normal purchase price SGTU Bill Number Total Checkouts Full call number Accession No. (Barcode) Date last seen Date last borrowed Bill Date Koha item type
    Dewey Decimal Classification     NURSING SGT Medical Library SGT Medical Library Text Book 06/02/2018 ABC 175.00 SGTU 7429 7 610.73677 M05S FN3619 23/07/2024 23/07/2024 04/11/2016 Books
    Dewey Decimal Classification     NURSING SGT Medical Library SGT Medical Library Text Book 06/02/2018 ABC 175.00 SGTU 7429   610.73677 M05S FN3620 06/02/2018   04/11/2016 Books